[Event "Zalakaros op 23rd"]
[Site "Zalakaros"]
[Date "2004.05.21"]
[Round "8"]
[White "Springer, Karl"]
[Black "Ter, Marcell"]
[Result "1-0"]
[WhiteElo "2077"]
[BlackElo "1826"]
[PlyCount "77"]
[EventDate "2004.05.14"]
[EventType "swiss"]
[EventRounds "9"]
[EventCountry "HUN"]
[SourceTitle "EXT 2008"]
[Source "ChessBase"]
[SourceDate "2007.11.25"]
[SourceVersion "1"]
[SourceVersionDate "2007.11.25"]
[SourceQuality "1"]

1. e4 e5 2. Bc4 Bc5 3. Nf3 Nc6 4. c3 Nf6 5. d3 d6 6. Bb3 h6 7. Nbd2 0-0 8. 0-0 Bg4 9. Re1 Re8 10. Nf1 Ne7 11. h3 Bh5 12. Ng3 Bg6 13. Nh4 Bb6 14. Qf3 Kh7 15. Nhf5 Bxf5 16. exf5 Rf8 17. Qxb7 c6 18. d4 a6 19. dxe5 Ra7 20. Qxa7 Bxa7 21. exf6 gxf6 22. Be3 c5 23. Rad1 Qc7 24. Bf4 Nc8 25. Ne4 Rd8 26. Nxf6+ Kg7 27. Ne8+ Rxe8 28. Rxe8 c4 29. f6+ Kxf6 30. Bc2 Kg7 31. Rde1 Qb6 32. R1e2 Qc6 33. Bf5 Nb6 34. Be3 Kf6 35. Bc2 Nc8 36. Bxh6 Bc5 37. Rg8 Bxf2+ 38. Kxf2 Qc5+ 39. Kf1 1-0

[Event "Zalakaros op 23rd"]
[Site "Zalakaros"]
[Date "2004.05.19"]
[Round "6"]
[White "Springer, Karl"]
[Black "Istvanovszky, Martin"]
[Result "1/2-1/2"]
[WhiteElo "2077"]
[BlackElo "2000"]
[PlyCount "25"]
[EventDate "2004.05.14"]
[EventType "swiss"]
[EventRounds "9"]
[EventCountry "HUN"]
[SourceTitle "EXT 2008"]
[Source "ChessBase"]
[SourceDate "2007.11.25"]
[SourceVersion "1"]
[SourceVersionDate "2007.11.25"]
[SourceQuality "1"]

1. e4 c5 2. c3 d6 3. d4 Nf6 4. Bd3 Nc6 5. Nf3 g6 6. 0-0 Bg7 7. h3 0-0 8. Re1 Nd7 9. Bf1 b6 10. Be3 Bb7 11. d5 Nce5 12. Nbd2 h6 13. Nxe5 1/2-1/2

[Event "Zalakaros op 23rd"]
[Site "Zalakaros"]
[Date "2004.05.18"]
[Round "5"]
[White "Szakony, Laszlo"]
[Black "Springer, Karl"]
[Result "1-0"]
[WhiteElo "2231"]
[BlackElo "2077"]
[PlyCount "41"]
[EventDate "2004.05.14"]
[EventType "swiss"]
[EventRounds "9"]
[EventCountry "HUN"]
[SourceTitle "EXT 2008"]
[Source "ChessBase"]
[SourceDate "2007.11.25"]
[SourceVersion "1"]
[SourceVersionDate "2007.11.25"]
[SourceQuality "1"]

1. b3 d5 2. e3 Nf6 3. Bb2 g6 4. Bxf6 exf6 5. d4 Bg7 6. g3 0-0 7. Bg2 c6 8. Ne2 Re8 9. 0-0 a5 10. c4 dxc4 11. bxc4 f5 12. Nbc3 Na6 13. Rb1 Rb8 14. Qa4 Bd7 15. Rfd1 Nb4 16. c5 Nd5 17. Nxd5 cxd5 18. Qb3 Bc6 19. Nc3 a4 20. Nxa4 Qa5 21. Nc3 1-0

[Event "Zalakaros op 23rd"]
[Site "Zalakaros"]
[Date "2004.05.16"]
[Round "3"]
[White "Frink, Ferenc"]
[Black "Springer, Karl"]
[Result "1-0"]
[WhiteElo "2239"]
[BlackElo "2077"]
[PlyCount "79"]
[EventDate "2004.05.14"]
[EventType "swiss"]
[EventRounds "9"]
[EventCountry "HUN"]
[SourceTitle "EXT 2008"]
[Source "ChessBase"]
[SourceDate "2007.11.25"]
[SourceVersion "1"]
[SourceVersionDate "2007.11.25"]
[SourceQuality "1"]

1. e4 d5 2. e5 c5 3. b4 e6 4. bxc5 Bxc5 5. d4 Be7 6. Bd3 f5 7. Ne2 Bg5 8. Nd2 Ne7 9. f4 Bh6 10. Nf3 0-0 11. h4 Nbc6 12. c3 Na5 13. Rb1 b6 14. Ba3 Bd7 15. Nd2 Re8 16. Bd6 Nb7 17. c4 dxc4 18. Bxe7 Rxe7 19. Nxc4 Bc6 20. Kf2 Qd7 21. Qd2 Rd8 22. Rhc1 Ree8 23. Rb4 g6 24. Ne3 Na5 25. Nc4 Nb7 26. Rb2 Rc8 27. Rbc2 Red8 28. Qe3 Bf8 29. Qg3 Kh8 30. Ne3 Ba4 31. Rxc8 Rxc8 32. Rh1 Qg7 33. h5 gxh5 34. Qxg7+ Bxg7 35. Rxh5 Be8 36. Rh4 h6 37. g4 fxg4 38. Nxg4 h5 39. Ng3 Rc3 40. Nxh5 1-0

[Event "Zalakaros op 23rd"]
[Site "Zalakaros"]
[Date "2004.05.14"]
[Round "1"]
[White "Csiszar, Csaba"]
[Black "Springer, Karl"]
[Result "1/2-1/2"]
[WhiteElo "2404"]
[BlackElo "2077"]
[PlyCount "60"]
[EventDate "2004.05.14"]
[EventType "swiss"]
[EventRounds "9"]
[EventCountry "HUN"]
[SourceTitle "EXT 2008"]
[Source "ChessBase"]
[SourceDate "2007.11.25"]
[SourceVersion "1"]
[SourceVersionDate "2007.11.25"]
[SourceQuality "1"]

1. d4 Nf6 2. c4 e6 3. Nf3 b6 4. a3 Bb7 5. Nc3 d5 6. Bg5 Be7 7. e3 0-0 8. Be2 Nbd7 9. 0-0 dxc4 10. Bxc4 Ne4 11. Bxe7 Qxe7 12. Bd3 Nxc3 13. bxc3 c5 14. Re1 Rfd8 15. Bb5 a6 16. Bxd7 Bxf3 17. Qxf3 Qxd7 18. a4 Rab8 19. Reb1 cxd4 20. cxd4 b5 21. axb5 Rxb5 22. Rc1 Rc8 23. h3 h6 24. Qe2 Qb7 25. Rxc8+ Qxc8 26. Qa2 a5 27. Qa4 Qc6 28. Kh2 Qb7 29. Ra2 Qb8+ 30. g3 Qb7 1/2-1/2

[Event "Zillertal op"]
[Site "Zillertal"]
[Date "1997.??.??"]
[Round "3"]
[White "Ferrari, Josef"]
[Black "Springer, Karl"]
[Result "1-0"]
[WhiteElo "2170"]
[BlackElo "1955"]
[PlyCount "137"]
[EventDate "1997.??.??"]
[EventType "swiss"]
[EventRounds "9"]
[EventCountry "AUT"]
[SourceTitle "EXT 1999"]
[Source "ChessBase"]
[SourceDate "1998.11.16"]
[SourceVersion "1"]
[SourceVersionDate "1998.11.16"]
[SourceQuality "1"]

1. d4 e6 2. c4 Nf6 3. Nf3 b6 4. g3 Ba6 5. b3 Bb4+ 6. Bd2 Be7 7. Bg2 c6 8. 0-0 d5 9. Ne5 Bb7 10. Bc3 0-0 11. Nd2 Nbd7 12. Nd3 Rc8 13. Bb2 c5 14. e3 Rc7 15. Rc1 cxd4 16. exd4 Qc8 17. Qe2 dxc4 18. bxc4 Bxg2 19. Kxg2 Re8 20. Kg1 h6 21. Rfe1 Bf8 22. Qd1 Rd8 23. Qb3 Qa6 24. Re2 Qa5 25. Rce1 Qf5 26. Nf4 g5 27. Ng2 Bg7 28. Nf1 Nf8 29. Nge3 Qg6 30. f3 Rcd7 31. Nc2 Rc7 32. Nfe3 Rcd7 33. Nb4 Rc8 34. Nd3 Ne8 35. d5 Bxb2 36. Rxb2 Qf6 37. Kg2 h5 38. Rbe2 Ng7 39. Nf2 Nf5 40. Nxf5 exf5 41. Nd3 Ng6 42. Qa4 Rcd8 43. Nb4 Re7 44. Nc6 Rxe2+ 45. Rxe2 Ra8 46. Qb4 h4 47. Qd2 Kg7 48. Qd4 hxg3 49. hxg3 Qxd4 50. Nxd4 Kf6 51. Nc6 Rc8 52. a4 Rc7 53. a5 bxa5 54. Rd2 Ne5 55. Nxe5 Kxe5 56. d6 Rd7 57. c5 a4 58. f4+ gxf4 59. gxf4+ Ke6 60. Kf3 a3 61. Ke3 a2 62. Rxa2 Kd5 63. Rc2 Kc6 64. Kd4 f6 65. Ra2 Rh7 66. Ra6+ Kb7 67. c6+ Kxa6 68. d7 Rh1 69. Kc5 1-0

[Event "Zillertal op"]
[Site "Zillertal"]
[Date "1997.??.??"]
[Round "6"]
[White "Springer, Karl"]
[Black "Kroell, Stefan"]
[Result "1-0"]
[WhiteElo "1955"]
[BlackElo "1860"]
[PlyCount "75"]
[EventDate "1997.??.??"]
[EventType "swiss"]
[EventRounds "9"]
[EventCountry "AUT"]
[SourceTitle "EXT 1999"]
[Source "ChessBase"]
[SourceDate "1998.11.16"]
[SourceVersion "1"]
[SourceVersionDate "1998.11.16"]
[SourceQuality "1"]

1. e4 c5 2. c3 d6 3. d4 Nf6 4. Bd3 e6 5. Nf3 Nc6 6. 0-0 Be7 7. e5 Nd7 8. Re1 a6 9. exd6 Bxd6 10. d5 Nce5 11. dxe6 fxe6 12. Bc2 Nxf3+ 13. Qxf3 Nf6 14. Bf4 0-0 15. Bg3 Qc7 16. Nd2 Bd7 17. Rad1 Bxg3 18. hxg3 b5 19. c4 Bc6 20. Qe3 Bd7 21. Qg5 h6 22. Qh4 Rae8 23. Ne4 e5 24. Nd6 Re6 25. Nf5 e4 26. b3 Bc6 27. Rd2 Qe5 28. Ne3 Rd6 29. Rxd6 Qxd6 30. Rd1 Qe5 31. Qf4 Qxf4 32. gxf4 Ne8 33. g3 Kf7 34. Ng4 Ke6 35. Ne5 Bb7 36. Rd8 Ke7 37. Rb8 Nd6 38. Ng6+ 1-0